Modern slavery and the property industry (Record no. 84848)

MARC details
000 -LEADER
fixed length control field 00936cab a22002295a 4500
001 - CONTROL NUMBER
control field L159257
008 - FIXED-LENGTH DATA ELEMENTS--GENERAL INFORMATION
fixed length control field 160405e2016 xxk 000 0 eng d
035 ## - SYSTEM CONTROL NUMBER
System control number (Sirsi) u159257
041 0# - LANGUAGE CODE
Language code of text/sound track or separate title eng
100 1# - MAIN ENTRY--PERSONAL NAME
Personal name Moore, Louise
245 00 - TITLE STATEMENT
Title Modern slavery and the property industry
260 ## - PUBLICATION, DISTRIBUTION, ETC.
Date of publication, distribution, etc. 2016
490 ## - SERIES STATEMENT
Series statement Real Estate Quarterly
Volume/sequential designation Spring 2016, 12-14(3)
520 ## - SUMMARY, ETC.
Summary, etc. Explains how companies will be required to publish a publically available statement for each financial year setting out what steps they have taken to eliminate slavery and human trafficking in their business and supply chains in accordance with the Modern Slavery Act 2015. Outlines what the statement needs to cover and who needs to produce it and sign it off.
590 ## - LOCAL NOTE (RLIN)
Local note KA
650 24 - SUBJECT ADDED ENTRY--TOPICAL TERM
Topical term or geographic name entry element MODERN SLAVERY ACT 2015
650 24 - SUBJECT ADDED ENTRY--TOPICAL TERM
Topical term or geographic name entry element TRANSPARENCY
651 #4 - SUBJECT ADDED ENTRY--GEOGRAPHIC NAME
Geographic name United Kingdom
Chronological subdivision
690 ## - LOCAL SUBJECT ADDED ENTRY--TOPICAL TERM (OCLC, RLIN)
Topical term or geographic name as entry element Business and management
700 1# - ADDED ENTRY--PERSONAL NAME
Personal name Oliver, Laura
942 ## - ADDED ENTRY ELEMENTS (KOHA)
Suppress in OPAC 0
Holdings
Withdrawn status Lost status Source of classification or shelving scheme Damaged status Not for loan Home library Current library Shelving location Date acquired Total Checkouts Full call number Barcode Date last seen Copy number Price effective from Koha item type
    Dewey Decimal Classification     London London Journal article 05/04/2016   L159257 159257-1001 06/08/2019 1 06/08/2019 Journal article